[Event "ROM-ch U10 Girls"]
[Site "Calimanesti"]
[Date "2014.04.06"]
[Round "1"]
[White "Pisu, Bianca"]
[Black "Iarca, Irina Maria"]
[Result "0-1"]
[WhiteElo "1001"]
[BlackElo "1143"]
[PlyCount "98"]
[EventDate "2014.04.06"]
[EventType "swiss"]
[EventRounds "9"]
[EventCountry "ROU"]
[SourceTitle "CBM 160 Extra"]
[Source "ChessBase"]
[SourceDate "2014.07.01"]
[SourceVersion "1"]
[SourceVersionDate "2014.07.01"]
[SourceQuality "1"]

1. e4 e5 2. Nf3 Nc6 3. Nc3 Nf6 4. Bc4 h6 5. a3 d6 6. h3 Be7 7. d3 Be6 8. Nd5 Qd7 9. Nxe7 Qxe7 10. Bxe6 Qxe6 11. d4 d5 12. exd5 Nxd5 13. dxe5 Nxe5 14. Nxe5 Qxe5+ 15. Qe2 Qxe2+ 16. Kxe2 0-0-0 17. Be3 Rhe8 18. Rad1 f5 19. g3 g5 20. f4 Rxe3+ 21. Kf2 Re4 22. Kf3 Re3+ 23. Kf2 gxf4 24. gxf4 Re4 25. Rhe1 Rxf4+ 26. Kg3 Re4 27. Rxe4 fxe4 28. Re1 e3 29. Kf3 Re8 30. c4 Nf6 31. Rxe3 a6 32. Rxe8+ Nxe8 33. Kg4 Ng7 34. h4 b5 35. cxb5 axb5 36. h5 c5 37. Kf4 Nxh5+ 38. Ke4 Ng7 39. Kd5 h5 40. Ke4 Kb7 41. Kf4 b4 42. axb4 cxb4 43. b3 Kc6 44. Ke3 Kc5 45. Kd2 Nf5 46. Kd3 Nd4 47. Kd2 Nxb3+ 48. Kc2 h4 49. Kxb3 h3 0-1